<?xml version="1.0" encoding="UTF-8"?>
<collection xmlns="http://www.loc.gov/MARC21/slim">
 <record>
  <leader>05015nam a2200409 a 4500</leader>
  <controlfield tag="001">kal1191</controlfield>
  <controlfield tag="003">Gr-AtHEAL</controlfield>
  <controlfield tag="005">20160425111454.0</controlfield>
  <controlfield tag="006">m        d        </controlfield>
  <controlfield tag="008">160413s2015    gr      s           gre|c</controlfield>
  <datafield tag="020" ind1=" " ind2=" ">
   <subfield code="a">9789606032073</subfield>
  </datafield>
  <datafield tag="040" ind1=" " ind2=" ">
   <subfield code="a">GR-AtHEAL</subfield>
   <subfield code="b">gre</subfield>
   <subfield code="c">GR-AtHEAL</subfield>
  </datafield>
  <datafield tag="082" ind1="0" ind2="4">
   <subfield code="a">577.46</subfield>
   <subfield code="2">23</subfield>
  </datafield>
  <datafield tag="100" ind1="1" ind2=" ">
   <subfield code="a">Βραχνάκης, Μιχαήλ.</subfield>
   <subfield code="8">1302</subfield>
  </datafield>
  <datafield tag="245" ind1="1" ind2="0">
   <subfield code="a">Λιβαδοπονία</subfield>
   <subfield code="h">[Ηλεκτρονικός πόρος] </subfield>
   <subfield code="b">Οικολογία, διαχείριση και βελτίωση λιβαδικών εκτάσεων</subfield>
   <subfield code="c">Βραχνάκης, Μιχαήλ ; Κριτικός αναγνώστης,Παπαναστάσης, Βασίλειος ; Τεχνική επιμέλεια,Ράπτη, Έλλη.</subfield>
  </datafield>
  <datafield tag="260" ind1=" " ind2=" ">
   <subfield code="a">Αθήνα :</subfield>
   <subfield code="b">Σύνδεσμος Ελληνικών Ακαδημαϊκών Βιβλιοθηκών,</subfield>
   <subfield code="c">c2015.</subfield>
  </datafield>
  <datafield tag="490" ind1=" " ind2=" ">
   <subfield code="a">Ακαδημαϊκά Ηλεκτρονικά Συγγράμματα και Βοηθήματα Κάλλιπος</subfield>
   <subfield code="8">40</subfield>
  </datafield>
  <datafield tag="520" ind1=" " ind2=" ">
   <subfield code="a">Τα λιβάδια συγκαταλέγονται στους πολυτιμότερους εδαφοπονικούς πόρους της χώρας μας, τόσο σε έννοιες έκτασης, όσο και συμβολής στην εθνική οικονομία και πολιτισμό, ενώ και οι προοπτικές ανάπτυξής τους είναι σημαντικότατες. Ως εκ’ τούτου, η ανάγκη επισταμένης μελέτης των πολύτιμων αυτών οικοσυστημάτων κρίνεται απαραίτητη. Η επιστήμη που ασχολείται με τα λιβάδια ονομάζεται Λιβαδοπονία. Η Λιβαδοπονία, ως εφαρμοσμένη επιστήμη, χωρίζεται σε δύο σημαντικούς κλάδους: της Λιβαδικής Οικολογίας, η οποία προσφέρει τις οικολογικές αρχές λειτουργίας των λιβαδικών οικοσυστημάτων και της Διαχείρισης των Λιβαδιών, η οποία με γνώμονα τις οικολογικές αρχές και τις ανάγκες του σύγχρονου ανθρώπου προσφέρει τις τεχνικές για την αειφορική διαχείρισή τους. Αντίστοιχα, το παρόν σύγγραμμα καλύπτει και τους δύο αυτούς κλάδους της επιστήμης της Λιβαδοπονίας. Συγκεκριμένα στο πρώτο μέρος αναλύονται οι βασικές αρχές της Λιβαδικής Οικολογίας και στο δεύτερο αναπτύσσεται η εφαρμοσμένη έκφανση της Λιβαδοπονίας, δηλ. η Διαχείριση των Λιβαδιών. Έμφαση δίνεται σε σύγχρονες προσεγγίσεις και σε εφαρμοσμένες μελέτες περίπτωσης του συγγραφέα και συνεργατών του.</subfield>
  </datafield>
  <datafield tag="650" ind1=" " ind2="0">
   <subfield code="a">Rangelands</subfield>
   <subfield code="8">2405</subfield>
  </datafield>
  <datafield tag="650" ind1=" " ind2="0">
   <subfield code="a">Range management</subfield>
   <subfield code="8">2406</subfield>
  </datafield>
  <datafield tag="653" ind1=" " ind2=" ">
   <subfield code="a">Βοσκότοποι</subfield>
  </datafield>
  <datafield tag="653" ind1=" " ind2=" ">
   <subfield code="a">Κτηνοτροφία</subfield>
  </datafield>
  <datafield tag="653" ind1=" " ind2=" ">
   <subfield code="a">Λιβαδικά φυτά</subfield>
  </datafield>
  <datafield tag="653" ind1=" " ind2=" ">
   <subfield code="a">Βελτίωση λιβαδιών</subfield>
  </datafield>
  <datafield tag="653" ind1=" " ind2=" ">
   <subfield code="a">Διαχείριση λιβαδιών</subfield>
  </datafield>
  <datafield tag="653" ind1=" " ind2=" ">
   <subfield code="a">Οικολογία λιβαδιών</subfield>
  </datafield>
  <datafield tag="653" ind1=" " ind2=" ">
   <subfield code="a">Επιστήμες υγείας</subfield>
   <subfield code="a">Επιστήμες διατροφής</subfield>
   <subfield code="a">Διατροφή των ζώων</subfield>
  </datafield>
  <datafield tag="653" ind1=" " ind2=" ">
   <subfield code="a">Γεωπονικές επιστήμες</subfield>
   <subfield code="a">Φυσικοί πόροι, επιστήμες γης και περιβάλλοντος</subfield>
   <subfield code="a">Διαχείριση φυσικών πόρων</subfield>
   <subfield code="a">Διαχείριση γης</subfield>
   <subfield code="a">Διαχείριση λιβαδικών εκτάσεων</subfield>
  </datafield>
  <datafield tag="653" ind1=" " ind2=" ">
   <subfield code="a">Επιστήμες της ζωής</subfield>
   <subfield code="a">Λειτουργική και οργανισμική βιολογία</subfield>
   <subfield code="a">Οικολογία</subfield>
   <subfield code="a">Λιβαδικη οικολογία</subfield>
  </datafield>
  <datafield tag="653" ind1=" " ind2=" ">
   <subfield code="a">Επιστήμες της ζωής</subfield>
   <subfield code="a">Λειτουργική και οργανισμική βιολογία</subfield>
   <subfield code="a">Ζωολογία/βιολογία των ζώων</subfield>
   <subfield code="a">Βιολογική κτηνοτροφία</subfield>
  </datafield>
  <datafield tag="653" ind1=" " ind2=" ">
   <subfield code="a">Γεωπονικές επιστήμες</subfield>
   <subfield code="a">Φυσικοί πόροι, επιστήμες γης και περιβάλλοντος</subfield>
   <subfield code="a">Φυσικοί πόροι</subfield>
   <subfield code="a">Γήινοι πόροι</subfield>
   <subfield code="a">Γη (ξηρά)</subfield>
   <subfield code="a">Λιβαδοπονία</subfield>
  </datafield>
  <datafield tag="700" ind1="1" ind2=" ">
   <subfield code="a">Παπαναστάσης, Βασίλειος</subfield>
   <subfield code="e">Κριτικός αναγνώστης</subfield>
   <subfield code="8">1303</subfield>
  </datafield>
  <datafield tag="856" ind1="4" ind2="0">
   <subfield code="u">http://hdl.handle.net/11419/1191</subfield>
   <subfield code="z">Πλήρες Κείμενο - Full text</subfield>
  </datafield>
  <datafield tag="907" ind1=" " ind2=" ">
   <subfield code="a">.b25680833</subfield>
   <subfield code="b">12-06-18</subfield>
   <subfield code="c">29-07-16</subfield>
  </datafield>
  <datafield tag="949" ind1=" " ind2=" ">
   <subfield code="0">0</subfield>
   <subfield code="1">0</subfield>
   <subfield code="2">ddc</subfield>
   <subfield code="4">0</subfield>
   <subfield code="6">577_460000000000000_ΒΡΑ</subfield>
   <subfield code="7">0</subfield>
   <subfield code="8">KALL</subfield>
   <subfield code="8">842</subfield>
   <subfield code="d">2016-04-13</subfield>
   <subfield code="r">2016-04-13</subfield>
   <subfield code="w">2016-04-13</subfield>
   <subfield code="z">577.46 ΒΡΑ</subfield>
   <subfield code="o">SEAB KALLIPOS</subfield>
  </datafield>
  <datafield tag="998" ind1=" " ind2=" ">
   <subfield code="a">80</subfield>
   <subfield code="a">01</subfield>
   <subfield code="a">02</subfield>
   <subfield code="a">03</subfield>
   <subfield code="a">04</subfield>
   <subfield code="a">05</subfield>
   <subfield code="a">06</subfield>
   <subfield code="a">07</subfield>
   <subfield code="a">08</subfield>
   <subfield code="a">09</subfield>
   <subfield code="a">10</subfield>
   <subfield code="a">11</subfield>
   <subfield code="a">12</subfield>
   <subfield code="a">13</subfield>
   <subfield code="a">14</subfield>
   <subfield code="a">15</subfield>
   <subfield code="a">16</subfield>
   <subfield code="a">17</subfield>
   <subfield code="a">18</subfield>
   <subfield code="a">19</subfield>
   <subfield code="a">20</subfield>
   <subfield code="a">21</subfield>
   <subfield code="a">22</subfield>
   <subfield code="a">23</subfield>
   <subfield code="a">24</subfield>
   <subfield code="a">25</subfield>
   <subfield code="a">26</subfield>
   <subfield code="b">22-05-17</subfield>
   <subfield code="c">m</subfield>
   <subfield code="d">z  </subfield>
   <subfield code="e">-</subfield>
   <subfield code="f">gre</subfield>
   <subfield code="g">gr </subfield>
   <subfield code="h">0</subfield>
  </datafield>
  <datafield tag="942" ind1=" " ind2=" ">
   <subfield code="2">ddc</subfield>
   <subfield code="c">KALLIPOS</subfield>
  </datafield>
 </record>
</collection>
